1463 1368 1332 1623 1696 1326 1651 1603 1671 1224 1723 1170 1792 1156 1671 1054 1921 1143 1078 1626 1711 1594 1776 1291 1893 1999 1288 1449 1431 1657 1858 1235 1133 1031 1145 1987 1608 1216 1778 1831 1022 1285 1999 1390 1338 1532 1759 1975 1146 1105 1663 1146 1672 1655 1871 1119 1315 1204 1138 1744 1641 1673 1042 1292 1653 1479 1489 1586 1990 1611 1727 1753 1134 1356 1551 1749 1374 1591 1069 1604 1280 1037 1709 1931 1865 1558 1271 1633 1268 1678 1087 1010 1849 1879 1485 1641 1566 1535 1302 BCNSPRNW ULIB Ver.6.0+V

เปลี่ยนเป็นภาษาไทย

Change to English
 แสดงรายละเอียดบรรณานุกรม
  กลับหน้าหลัก

Brief Record : Get Marc (ISO 2709) : E-mail record : QR code < ปิดหน้าต่าง
LEADER : 00000nas 2200000uu 4500
001    13399124684
003     ULIB
008    151225s||||||||th 000 0 tha d
022 0  2287-0946
110 1  โรงพยาบาลจิตเวชนครราชสีมาราชนครินทร์
245 00 วารสารสุขภาพจิตชุมชนแห่งประเทศไทย
310    ^aราย 6 เดือน
850 ^a ULIB^bปีที่ 1 ฉบับที่ 2 ฉ.1
945    ^p0^l0^i903493
999    ^aเกษร โพธิ์สุวรรณ
รายการนี้ยังไม่มีแท็ก
คุณยังไม่ได้ล็อกอิน คุณสามารถมีกิจกรรมร่วมกับเว็บไซต์ได้ แต่ต้องล็อกอินก่อน ::
  ล็อกอิน

รายการสื่อสารสนเทศ (วารสาร)

ดูแบบ: กล่อง รายการ
ARRIVED
ปีที่ 1 ฉบับที่ 2 ฉ.1
สถานที่: ห้องสมุดวิทยาเขตสวรรค์ประชารักษ์ >วารสาร

BibComment


ยังไม่เคยถูกคอมเมนท์

คอมเมนท์ทรัพยากรรายการนี้
  คอมเมนท์: วารสารสุขภาพจิตชุ..


 Copyright 2026. Bcnsprnw @Library